LIBRARY & INFORMATION CENTRE, KCAET, TAVANUR

ONLINE PUBLIC ACCESS CATALOGUE (OPAC)

Folksongs of India / (Record no. 4457)

MARC details
000 -LEADER
fixed length control field 00357cam a2200145ua 4500
041 ## - LANGUAGE CODE
Language code of text/sound track or separate title eng
082 ## - DEWEY DECIMAL CLASSIFICATION NUMBER
Classification number 821
Item number BAR/FO
100 ## - MAIN ENTRY--AUTHOR NAME
Personal name Barua, Hem .
245 ## - TITLE STATEMENT
Title Folksongs of India /
260 ## - PUBLICATION, DISTRIBUTION, ETC. (IMPRINT)
Place of publication :
Name of publisher Indian Council for cultural Relations ,
Year of publication 1963.
300 ## - PHYSICAL DESCRIPTION
Number of Pages 88 ; .
942 ## - ADDED ENTRY ELEMENTS (KOHA)
Koha item type Books
Holdings
Withdrawn status Lost status Damaged status Home library Current library Date acquired Full call number Accession Number Koha item type
Withdrawn     KAUAET Malayalam University 07/04/2012 821 4077 Books
free website counter